[Event "Madrid Chamartin op 7th"]
[Site "Madrid"]
[Date "2018.09.08"]
[Round "8"]
[White "Gonzalez Martinez, Maria Yolanda"]
[Black "Martin Rodriguez, Jose Luis"]
[Result "1-0"]
[WhiteElo "1100"]
[BlackElo "1243"]
[PlyCount "85"]
[EventDate "2018.09.03"]
[EventType "swiss"]
[EventRounds "9"]
[EventCountry "ESP"]
[SourceTitle "CBM 187 Extra"]
[Source "ChessBase"]
[SourceDate "2018.11.04"]
[SourceVersion "1"]
[SourceVersionDate "2018.11.04"]
[SourceQuality "1"]

1. d4 Nf6 2. e4 Nxe4 3. Bd3 Nf6 4. Nc3 e6 5. Nf3 Nc6 6. Bg5 Be7 7. 0-0 0-0 8. Qd2 Nb4 9. Bc4 d5 10. Bb3 a5 11. Ne2 Ne4 12. Bxe7 Qxe7 13. Qe3 Nc6 14. c3 h6 15. Bc2 e5 16. Rfe1 Bf5 17. Bb3 Rad8 18. a3 Qf6 19. Rad1 Ne7 20. Nxe5 Qg5 21. f4 Qf6 22. h3 h5 23. Kh2 c6 24. Qf3 g6 25. Rg1 Kh7 26. g4 hxg4 27. Nxg4 Bxg4 28. Rxg4 g5 29. Rdg1 Rg8 30. Bc2 Ng6 31. Ng3 Nxg3 32. R1xg3 Kh6 33. f5 Nh4 34. Qf2 Qd6 35. Kh1 f6 36. a4 Rde8 37. b3 Re7 38. Bd3 Rge8 39. Rg1 Re3 40. Rxh4+ Kg7 41. Bc2 Re2 42. Rxg5+ fxg5 43. f6+ 1-0

[Event "Madrid Chamartin op 7th"]
[Site "Madrid"]
[Date "2018.09.04"]
[Round "3"]
[White "Centeno Mendoza, Julio Stefano"]
[Black "Gonzalez Martinez, Maria Yolanda"]
[Result "1-0"]
[WhiteElo "1646"]
[BlackElo "1100"]
[PlyCount "52"]
[EventDate "2018.09.03"]
[EventType "swiss"]
[EventRounds "9"]
[EventCountry "ESP"]
[SourceTitle "CBM 187 Extra"]
[Source "ChessBase"]
[SourceDate "2018.11.04"]
[SourceVersion "1"]
[SourceVersionDate "2018.11.04"]
[SourceQuality "1"]

1. e4 e5 2. Nf3 Nc6 3. Bb5 Nf6 4. Nc3 Bc5 5. d3 d6 6. 0-0 0-0 7. Bg5 Bg4 8. h3 Bh5 9. Bxc6 bxc6 10. Qe2 Rb8 11. Rab1 Re8 12. Nd1 Bb6 13. Ne3 d5 14. Nf5 dxe4 15. dxe4 g6 16. Ng3 Qd6 17. Nxh5 Nxh5 18. Rbd1 Qe6 19. a3 Bc5 20. b4 Ng3 21. Qd3 Nxf1 22. bxc5 Red8 23. Bxd8 Qe8 24. Kxf1 Rxd8 25. Qxd8 Qxd8 26. Rxd8+ Kg7 1-0

[Event "Madrid Chamartin op 6th"]
[Site "Madrid"]
[Date "2017.09.10"]
[Round "9"]
[White "Gonzalez Martinez, Maria Yolanda"]
[Black "Lopez Garcia, Rafael"]
[Result "0-1"]
[WhiteElo "1145"]
[BlackElo "1392"]
[PlyCount "68"]
[EventDate "2017.09.04"]
[EventType "swiss"]
[EventRounds "9"]
[EventCountry "ESP"]
[SourceTitle "CBM 180 Extra"]
[Source "ChessBase"]
[SourceDate "2017.10.06"]
[SourceVersion "1"]
[SourceVersionDate "2017.10.06"]
[SourceQuality "1"]

1. e4 c5 2. d4 cxd4 3. Qxd4 Nc6 4. Qd1 g6 5. Nc3 Bg7 6. Bc4 e5 7. Nf3 Nf6 8. Bg5 0-0 9. 0-0 d6 10. h3 h6 11. Bh4 Qb6 12. b3 Nd4 13. Qd3 Ne6 14. Nd5 Nxd5 15. Qxd5 Nf4 16. Qd2 Qc7 17. Rfd1 Qd7 18. Bf1 g5 19. Bg3 Rd8 20. c4 b6 21. a4 a5 22. Qc3 Bb7 23. Bd3 Qe6 24. Ne1 Bxe4 25. Qc2 Bb7 26. f3 e4 27. Rab1 exd3 28. Nxd3 Bd4+ 29. Bf2 Bxf2+ 30. Nxf2 Qf6 31. Rf1 Re8 32. Ng4 Qg7 33. Qf2 Re2 34. Qg3 Rxg2+ 0-1